Narbonne - Culture Générale - Statistiques

Statistiques générales
  • Ce quiz a été pris 76 fois
  • Le résultat moyen est 7 sur 15
Statistiques - réponses
Information Réponse % Correct
Dans quel département se situe la ville de Narbonne ? Aude
95%
Quel grand chanteur Français, née à Narbonne en 1913, devient une figure incontournable de la ville ? Charles Trenet
74%
Quel canal longe la ville, avant de se jeter dans la Mer Méditerranée ? Canal de la Robine
63%
Quel établissement de Narbonne est devenu une référence nationale grâce à son restaurant spectaculaire ? Les Grands Buffets
63%
Quel grand axe romain traversait l’actuelle Narbonne ? Via Domitia
61%
Quel club de rugby emblématique de Narbonne a évolué pendant de nombreuses années en Top 14 et est connu pour sa forte identité régionale ? RCN
54%
Quel musée narbonnais met en valeur les collections romaines et a ouvert en 2021 ? Narbo Via
47%
Quel homme politique français, figure du Front populaire, a été élu député de la circonscription de Narbonne en 1929 ? Léon Blum
46%
Quel nom portait la ville à l’époque où elle était une cité romaine ? Narbomartius
46%
Quel vin AOC produit autour de Narbonne est l’un des plus anciens vignobles de France ? Le Corbières / Le Fitou
40%
Quel est le nom du festival musical gratuit de Narbonne qui anime les quais du Canal de la Robine chaque été avec des concerts en plein air ? Les Barques en Scènes
40%
Quel édifice, autrefois résidence des archevêques de Narbonne, abrite aujourd’hui l’hôtel de ville ? Palais des archevêques
35%
Quel massif proche de Narbonne est réputé pour ses falaises et ses sentiers de randonnée ? Le massif de la Clape
30%
Quel peuple a envahi et détruit Narbonne au Ve siècle après J.-C., marquant la fin de son rôle de cité romaine majeure ? Les Wisigoths
16%
Quel personnage emblématique des vignobles de Narbonne a joué un rôle majeur dans la révolte des vignerons du Midi en 1907 ? Marcelin Albert
5%
Aucun quiz correspondant
Distribution des résultats
% des personnes avec chaque résultat
Percentile par nombre de réponses
Votre historique - résultats
Vous n’avez pas pris ce quiz